00496 a2200169 450000100060000002000180000604000220002410000210004624000430006724500380011030000080014836200090015665000230016594200070018895201140019599900170030962834 a9788576799009 cAnchieta - Pituba aFerraz, Carolina10aA princesa do baile da meia-noitelpor10aA princesa do baile da meia-noite a1990 a2013 4aLiteratura juvenil cBK 00104070a91.1b91.1d2023-11-21l0oLJ 028.5 G347p GEO PRIp16074/PITr2023-11-21 18:31:26w2023-11-21yBK c62834d62834